Music Quiz

Random Music or Song Quiz

Lyrics: 'Slave To Love' by Bryan Ferry Quiz Stats

 Plays Quiz not verified by Sporcle

Score 0/212 Timer 07:00
0 Plays Today
% Correct
the
100%
the
100%
and
100%
and
100%
a
100%
the
100%
and
100%
the
100%
the
100%
the
100%
the
100%
and
100%
The
100%
A
100%
I
100%
the
100%
I
100%
a
100%
The
100%
I
100%
I
100%
I
100%
a
100%
I
100%
a
100%
I
100%
a
100%
I
100%
a
100%
and
100%
and
100%
and
100%
and
100%
you
100%
you
100%
And
100%
be
95%
no
95%
To
95%
to
95%
Slave
95%
to
95%
love
95%
Slave
95%
to
95%
love
95%
be
95%
Slave
95%
to
95%
love
95%
Slave
95%
to
95%
love
95%
Slave
95%
to
95%
love
95%
Slave
95%
to
95%
love
95%
slave
95%
to
95%
love
95%
to
95%
to
95%
to
95%
can
95%
can
95%
Slave
95%
to
95%
love
95%
Slave
95%
% Correct
to
95%
love
95%
slave
95%
to
95%
love
95%
Slave
95%
to
95%
love
95%
Slave
95%
to
95%
love
95%
slave
95%
to
95%
love
95%
Slave
95%
to
95%
love
95%
slave
95%
to
95%
love
95%
Slave
95%
to
95%
love
95%
slave
95%
to
95%
love
95%
Can
95%
Can
95%
there's
90%
me
90%
is
90%
your
90%
is
90%
can't
90%
is
90%
is
90%
your
90%
your
90%
your
90%
can't
90%
can't
90%
can't
90%
can't
90%
me?
90%
me?
90%
in
85%
you've
85%
got
85%
Oho
85%
You're
85%
We're
85%
Oho
85%
Oho
85%
it
85%
We're
85%
see
85%
Oho
85%
Oho
85%
Oho
85%
I'll
80%
know
80%
How
80%
get
80%
get
80%
Don't
80%
will
80%
I'm
80%
so
80%
too
80%
too
80%
hear
80%
% Correct
I'm
80%
I'm
80%
I'm
80%
I'm
80%
waiting
75%
usual
75%
place
75%
With
75%
escape
75%
woman
75%
with
75%
of
75%
escape
75%
young
75%
Now
75%
escape
75%
escape
75%
escape
75%
escape
75%
Tell
70%
her
70%
strong
70%
weak
70%
rich
70%
poor
70%
or
70%
grown
70%
up
70%
dream
70%
face
70%
mine
70%
smile
70%
running
65%
Not
65%
world
65%
changing
65%
same
65%
(Na na na na)
65%
(Na na na na)
65%
seems
65%
turning
65%
laughter
65%
(Nananana)
65%
(Nananana)
65%
(Nananana)
65%
(Nananana)
65%
(Nananana)
65%
(Nananana)
65%
(Nananana)
65%
(Nananana)
65%
help
65%
help
65%
tired
60%
need
60%
touch
60%
ground
60%
sky
60%
burning
60%
sea
60%
flame
60%
Though
60%
reason
60%
weary
55%
restless
55%
breaking
55%
spring
55%
storm
50%
hearted
45%
chained
45%
bound
45%

You're not logged in!

Compare scores with friends on all Sporcle quizzes.
OR
Log In

Sporcle TV

Today on Sporcle TV


Watch our educational content, quiz creation guides, and fun videos on Sporcle TV.

Show Comments

Extras

Top Quizzes Today


Score Distribution

Your Account Isn't Verified!

In order to create a playlist on Sporcle, you need to verify the email address you used during registration. Go to your Sporcle Settings to finish the process.

Report this User

Report this user for behavior that violates our Community Guidelines.

Details: